United Nations Geoscheme - Asia - Statistics

General Stats
  • This quiz has been taken 39 times
  • The average score is 45 of 51
Answer Stats
Answer % Correct
China
100%
Kazakhstan
100%
Tajikistan
100%
Turkmenistan
100%
Uzbekistan
100%
Kyrgyzstan
95%
North Korea
95%
South Korea
95%
Taiwan
95%
Afghanistan
91%
Armenia
91%
Azerbaijan
91%
Bahrain
91%
Georgia
91%
Iran
91%
Iraq
91%
Israel
91%
Japan
91%
Kuwait
91%
Lebanon
91%
Mongolia
91%
Oman
91%
Qatar
91%
Saudi Arabia
91%
Syria
91%
Turkey
91%
United Arab Emirates
91%
Yemen
91%
Bangladesh
86%
Bhutan
86%
Cyprus
86%
Jordan
86%
Nepal
86%
Pakistan
86%
Sri Lanka
86%
Cambodia
82%
East Timor
82%
India
82%
Indonesia
82%
Laos
82%
Malaysia
82%
Maldives
82%
Myanmar
82%
Palestine
82%
Thailand
82%
Vietnam
82%
Brunei
77%
Hong Kong
77%
Macau
77%
Philippines
77%
Singapore
77%
No matching quizzes found
Score Distribution
Percent of People with Each Score
Percentile by Number Answered
Your Score History
You have not taken this quiz